| 000 | 01781cad a22002535a 4500 | ||
|---|---|---|---|
| 001 | L155005 | ||
| 008 | 120217s2012 xxk f 000 0 eng d | ||
| 035 | _a(Sirsi) u155005 | ||
| 041 | 0 | _aeng | |
| 110 | 2 |
_aUK Trade and Investment _94699 |
|
| 245 | 0 | 0 |
_aSmart cities of the future in Asia _bthe opportunities for UK business _h[electronic resource] |
| 260 |
_a[S.I.] _bUKTI _c2012 |
||
| 520 | _aThis report takes a broad interpretation of the term "smart" and examines 10 cities across Asia that "are large scale developments which aim to achieve economic, environmental and social sustainability through the systematic integration of ICT into their planning, design, operations and management" with a view to assessing the current level of smart integration and future smart status and opportunities of each. The cities (and markets) were selected by taking into account their potential level of interest to UK companies, and following an initial review of their 'smart' status. The report centres on smart initiatives across six themes: energy, buildings and the environment, digital media, education, health, and transport, and looks at Hong Kong, Jakarta (Indonesia), Tokyo (Japan), Kuala Lumpur (Malaysia), Manila (Philippines), Singapore, Seoul (South Korea), Taipei (Taiwan), Bangkok (Thailand) and Ho Chi Minh City (Vietnam). | ||
| 590 | _aKA NTK | ||
| 651 | 4 | _aASEAN | |
| 651 | 4 | _aNorth Asia | |
| 690 |
_aPlanning and development _96259 |
||
| 690 |
_aEnvironment _96238 |
||
| 690 |
_aEnergy _96237 |
||
| 690 |
_aConstruction management _96230 |
||
| 690 |
_aInfrastructure _96246 |
||
| 856 | 4 | 0 |
_uhttps://webarchive.nationalarchives.gov.uk/ukgwa/20140403144217/http://www.ukti.gov.uk/uktihome/item/218400.html _zArchived at nationalarchives.gov.uk |
| 942 |
_n0 _2ddc |
||
| 999 |
_c113278 _d113278 |
||